Electronic structure of Cr (III) hexacyanide complex ion by the LCAO method

Elmentve itt :
Bibliográfiai részletek
Szerzők: Gilde Ferenc J.
Bán Miklós I.
Dokumentumtípus: Cikk
Megjelent: 1957
Sorozat:Acta physica et chemica 3 No. 1-4
Kulcsszavak:Természettudomány, Fizika
Online Access:http://acta.bibl.u-szeged.hu/23473
LEADER 00684nab a2200193 i 4500
001 acta23473
005 20210602125006.0
008 161017s1957 hu o 0|| eng d
022 |a 0001-6721 
040 |a SZTE Egyetemi Kiadványok Repozitórium  |b hun 
041 |a eng 
100 1 |a Gilde Ferenc J. 
245 1 0 |a Electronic structure of Cr (III) hexacyanide complex ion by the LCAO method  |h [elektronikus dokumentum] /  |c  Gilde Ferenc J. 
260 |c 1957 
300 |a 42-48 
490 0 |a Acta physica et chemica  |v 3 No. 1-4 
695 |a Természettudomány, Fizika 
700 0 1 |a Bán Miklós I.  |e aut 
856 4 0 |u http://acta.bibl.u-szeged.hu/23473/1/phys_chem_003_042-048.pdf  |z Dokumentum-elérés